00309nam a2200121Ia 4500008004100000082001800041100002200059245005600081250000800137260001800145300000800163650001600171191201s2019 xx 000 0 und d a004.0151bLAC aLASZLO, Michael J 0aComputational Geometry and Computer Graphics in C++ aRep aN. DelhibPHI a266 aM.Tech(CSE)